<A> kelet-európai és a szovjet agrárátalakulás hatása a hús-világkereskedelemre.

Agrárna politika býv. krajín RVHP a ich prepojenie na svetový obchod s mäsom. Výroba mäsa a stavy dobytka vo východoeurópskych štátoch v r. 1975 a 1989 (v priemere 18 perc. svetovej produkcie). Rozpad trhu, prebytok poľnohospodárskych produktov na západných trhoch, pokles spotreby mäsa a dopad na po...

Ausführliche Beschreibung

Gespeichert in:
Bibliographische Detailangaben
1. Verfasser: Csaki, Csaba
Format: Buchkapitel
Sprache:Ungarisch
Schlagworte:
Tags: Tag hinzufügen
Keine Tags, Fügen Sie das erste Tag hinzu!

MARC

LEADER 00000naa a2200000 4500
001 r006757
005 20221125113656.1
041 0 |a hun 
044 |a HU 
245 1 0 |a <A> kelet-európai és a szovjet agrárátalakulás hatása a hús-világkereskedelemre.  |c Cs. Csáki 
520 |a Agrárna politika býv. krajín RVHP a ich prepojenie na svetový obchod s mäsom. Výroba mäsa a stavy dobytka vo východoeurópskych štátoch v r. 1975 a 1989 (v priemere 18 perc. svetovej produkcie). Rozpad trhu, prebytok poľnohospodárskych produktov na západných trhoch, pokles spotreby mäsa a dopad na poľnohospodársku výrobu týchto krajín. Predpokladaný vývoj podľa štatistiky FAO. 
610 2 0 |a východná Európa 
610 2 0 |a ZSSR 
610 2 0 |a politika poľnohospodárska 
610 2 0 |a mäso 
610 2 0 |a obchod svetový 
610 2 0 |a výrobky poľnohospodárske 
610 2 0 |a údaje štatistické 
610 2 0 |a 1975 
610 2 0 |a 1989 
100 1 |a Csaki, Csaba